UM Logo

Juvenile delinquency and juvenile justice system : (Record no. 17412)

MARC details
000 -LEADER
fixed length control field 00654nam a2200169 4500
008 - FIXED-LENGTH DATA ELEMENTS--GENERAL INFORMATION
fixed length control field 221012b ||||| |||| 00| 0 eng d
020 ## - INTERNATIONAL STANDARD BOOK NUMBER
International Standard Book Number 9786214182169
082 ## - DEWEY DECIMAL CLASSIFICATION NUMBER
Edition number 2021
Classification number DFil 364.36
Item number B144
100 ## - MAIN ENTRY--PERSONAL NAME
Personal name Badua, Jonah B.
9 (RLIN) 5985
245 ## - TITLE STATEMENT
Title Juvenile delinquency and juvenile justice system :
Remainder of title a research-based textbook with new normal approach /
Statement of responsibility, etc. Jonah B. Badua.
260 ## - PUBLICATION, DISTRIBUTION, ETC. (IMPRINT)
Place of publication, distribution, etc. Quezon City :
Name of publisher, distributor, etc. Wiseman's Book Trading, Inc.,
Date of publication, distribution, etc. 2021.
300 ## - PHYSICAL DESCRIPTION
Extent vii, 151 pages :
Other physical details illustrations ;
Dimensions 22 cm.
500 ## - GENERAL NOTE
General note Includes bibliographical references.
650 ## - SUBJECT ADDED ENTRY--TOPICAL TERM
Topical term or geographic name as entry element Juvenile delinquency.
9 (RLIN) 46337
650 ## - SUBJECT ADDED ENTRY--TOPICAL TERM
Topical term or geographic name as entry element Juvenile justice system.
9 (RLIN) 45112
942 ## - ADDED ENTRY ELEMENTS (KOHA)
Source of classification or shelving scheme Dewey Decimal Classification
Koha item type Filipiniana
Holdings
Withdrawn status Lost status Source of classification or shelving scheme Damaged status Not for loan Collection code Home library Current library Date acquired Source of acquisition Cost, normal purchase price Total Checkouts Full call number Barcode Date last seen Copy number Price effective from Koha item type Shelving location Date last checked out
    Dewey Decimal Classification     Filipiniana UM Digos College - LIC UM Digos College - LIC 08/16/2022 Purchased 350.00   DFil 364.36 B144 2021 26986 05/15/2025 1 10/12/2022 Filipiniana    
    Dewey Decimal Classification     Filipiniana UM Digos College - LIC UM Digos College - LIC 08/16/2022 Purchased 350.00   DFil 364.36 B144 2021 26987 05/15/2025 2 10/12/2022 Filipiniana    
    Dewey Decimal Classification     Filipiniana UM Digos College - LIC UM Digos College - LIC 08/16/2022 Purchased 350.00 3 DFil 364.36 B144 2021 26988 05/15/2025 3 10/12/2022 Filipiniana Book Cart 05/08/2023